The Boxer Rebellion Quiz - Statistics

General Stats
  • This quiz has been taken 72 times
  • The average score is 8 of 15
Answer Stats
Question Answer % Correct
Dynasty that ruled China at the time Qing
92%
Year 1900
78%
Religion that Western missionaries attempted to convert people to Christianity
78%
Majority ethnic group in China at the time Han
72%
Most popular religions/philosophies Buddhism
70%
Ambassador from this country was shot by rebels in Beijing Germany
63%
Year of next rebellion 1911
60%
Most popular religions/philosophies Confucianism
55%
Empress at the time Cixi
52%
Name of the ‘Boxers’: The Society of Righteous and Harmonious _____ Fists
50%
£67 million was demanded to be paid in __________ to the Western countries Reparations
43%
Revolutionary who inspired the above Sun Yat-Sen
43%
Traditional practice abolished in post-rebellion reforms Foot-binding
32%
Former army general who became Emperor after the next rebellion Yuan Shikai
28%
Western infrastructure that disturbed dragons Railways
18%
No matching quizzes found
Score Distribution
Percent of People with Each Score
Percentile by Number Answered
Your Score History
You have not taken this quiz